00278nam a2200097 a 450000500170000000800410001705000170005810000210007524500740009626000100017020141022141959.0120306s19uu xx 00 eng d aCDbM72 2006 aMohler, James L. aFlash 8 :bgraphics, animation, and interactivity /cJames L. Mohler. c2006.